语言种类最多的15个语系 Top 15 Language Families by Variety - Statistics

General Stats
  • This quiz has been taken 173 times
  • The average score is 4 of 15
Answer Stats
语系名称 种类数量 % Correct
汉藏语系 460种语言
93%
印欧语系 445种语言
85%
南岛语系 1257种语言
63%
亚非语系 376种语言
46%
南亚语系 169种语言
26%
壮侗语系 92种语言
22%
尼日尔-刚果语系 1545种语言
19%
达罗毗荼语系 73种语言
19%
尼罗-撒哈拉语系 204种语言
12%
跨新几内亚语系 477种语言
5%
玛雅语系 69种语言
4%
图皮语系 76种语言
2%
帕马-恩永甘语系 178种语言
1%
欧托-曼格语系 174种语言
1%
塞皮克-拉穆语系 100种语言
1%
No matching quizzes found
Score Distribution
Percent of People with Each Score
Percentile by Number Answered
Your Score History
You have not taken this quiz